Real Oviedo Current Squad - Statistics

General Stats
  • This quiz has been taken 7 times
  • The average score is 24 of 36
Answer Stats
# Position Nation Player Name % Correct
13 GK Spain Aarón Escandell
100%
10 MF France Haissem Hassan
100%
21 MF Serbia Luka Ilić
100%
23 FW Venezuela Salomón Rondón
100%
8 MF Spain Santi Cazorla
100%
16 DF Angola David Carmo
80%
4 DF Spain David Costas
80%
9 FW Uruguay Federico Viñas
80%
1 GK Romania Horațiu Moldovan
80%
7 MF Morocco Ilyas Chaira
80%
20 MF Belgium Leandro Dendoncker
80%
24 DF Spain Lucas Ahijado
80%
14 MF England Ovie Ejaria
80%
- Coach Serbia Veljko Paunović
80%
5 MF Spain Alberto Reina
60%
19 FW Spain Álex Forés
60%
17 MF France Brandon Domingues
60%
12 DF Spain Dani Calvo
60%
- FW Romania Daniel Paraschiv
60%
2 DF Ivory Coast Eric Bailly
60%
18 MF Croatia Josip Brekalo
60%
6 MF Ghana Kwasi Sibo
60%
28 FW Senegal Lamine Gueye
60%
22 DF Spain Nacho Vidal
60%
15 DF Spain Oier Luengo
60%
3 DF Niger Rahim Alhassane
60%
11 MF Argentina Santiago Colombatto
60%
- MF Spain Alberto del Moral
40%
- MF Spain Álex Cardero
40%
- DF Spain Álvaro Lemos
40%
31 MF Spain Cheli
40%
- DF Nigeria Chukwuma Eze
40%
25 DF Spain Javi López
40%
30 DF Spain Marco Esteban
40%
26 GK Spain Miguel Narváez
40%
29 DF Spain Omar Falah
40%
No matching quizzes found
Score Distribution
Percent of People with Each Score
Percentile by Number Answered
Your Score History
You have not taken this quiz